Meranie výkonov vo verejnej správe
Odkrývanie rezerv v pracovnom výkone a meranie výkonov vo verejnej správe. Intenzifikácia práce je nevyhnutná, ale má limity. Konsolidácia výkonov daňových orgánov. Vážne systémové zmeny. Riešenie nie je najlepší z najlepších, ale najlepší z možných. Modelová štúdia - silné a slabé stránky hodnotiac...
Salvato in:
| Autore principale: | |
|---|---|
| Natura: | Capitolo di libro |
| Lingua: | slovacco |
| Soggetti: | |
| Tags: |
Nessun Tag, puoi essere il primo ad aggiungerne!!
|
MARC
| LEADER | 00000naa$a2200000$$$4500 | ||
|---|---|---|---|
| 001 | 0054328 | ||
| 005 | 20231013071516.7 | ||
| 041 | 0 | |a slo | |
| 044 | |a SK | ||
| 245 | 1 | 0 | |a Meranie výkonov vo verejnej správe |c Emil Burák |
| 520 | |a Odkrývanie rezerv v pracovnom výkone a meranie výkonov vo verejnej správe. Intenzifikácia práce je nevyhnutná, ale má limity. Konsolidácia výkonov daňových orgánov. Vážne systémové zmeny. Riešenie nie je najlepší z najlepších, ale najlepší z možných. Modelová štúdia - silné a slabé stránky hodnotiaceho výkony jednotlivcov. Tabuľka použitých indikátorov. Porovnanie silných a slabých stránok hodnotiaceho systému. Poučenie a inšpiračné závery pre manažérov verejnej správy. | ||
| 610 | 2 | 0 | |a výkony pracovné |
| 610 | 2 | 0 | |a meranie |
| 610 | 2 | 0 | |a meranie práce |
| 610 | 2 | 0 | |a správa verejná |
| 610 | 2 | 0 | |a správa daňová |
| 610 | 2 | 0 | |a kontrola |
| 610 | 2 | 0 | |a manažment |
| 100 | 1 | |a Burák, Emil | |